| 000 | 00696nam a2200205Ii 4500 | ||
|---|---|---|---|
| 003 | JO-AjNU | ||
| 008 | 230605s9999||||xx |||||||||||||| ||und|| | ||
| 017 | _a2008/2/329 | ||
| 040 |
_aJO-AjNU _bara _erda _cJO-AjNU |
||
| 041 | _aara | ||
| 050 | 1 | 4 | _aLB1050.A236 2010 |
| 100 | 3 |
_aقطامي،نايفة, _eauthor _927935 |
|
| 245 | 0 | 0 | _aتقويم نمو الطفل |
| 264 | 3 | 1 | _aعمان:دار المسيرة،2010 |
| 300 | _a338ص | ||
| 336 |
_atext _btxt _2rdacontent |
||
| 337 |
_aunmediated _bn _2rdamedia |
||
| 338 |
_avolume _bnc _2rdacarrier |
||
| 650 | 4 |
_aالأطفال-علم النفس. الأطفال-نمو. الاختبارات النفسية-القياس النفسي _927936 |
|
| 999 |
_aA10774 _c14342 _d14342 |
||